| 000 | 00371cam a22001097a 4500 | ||
|---|---|---|---|
| 008 | 180718b-- xxu||||| |||| 00| 0 eng d | ||
| 082 | _aK12x54 In2h/IPS | ||
| 245 |
_aHistory of services of Indian Police Service _cby Ministry of Home Affairs |
||
| 260 |
_aDelhi _bThe Manager of Publications _c-- |
||
| 500 | _aLibrary has 1960, 1966 | ||
| 700 | _aIndia. Ministry of Home Affairs | ||
| 999 |
_c490626 _d490626 |
||